National industrial and distribution report (Record no. 110600)
[ view plain ]
| 000 -LEADER | |
|---|---|
| fixed length control field | 01454cad a22002295a 4500 |
| 001 - CONTROL NUMBER | |
| control field | L149691 |
| 008 - FIXED-LENGTH DATA ELEMENTS--GENERAL INFORMATION | |
| fixed length control field | 090218s2010 xxkad f s 000 0 eng d |
| 035 ## - SYSTEM CONTROL NUMBER | |
| System control number | (Sirsi) u149691 |
| 041 0# - LANGUAGE CODE | |
| Language code of text/sound track or separate title | eng |
| 050 04 - LIBRARY OF CONGRESS CALL NUMBER | |
| Classification number | 333.32 $2 18 |
| 110 2# - MAIN ENTRY--CORPORATE NAME | |
| Corporate name or jurisdiction name as entry element | Lambert Smith Hampton |
| 9 (RLIN) | 2865 |
| 245 00 - TITLE STATEMENT | |
| Title | National industrial and distribution report |
| Remainder of title | 2010 |
| Medium | [electronic resource] |
| 260 ## - PUBLICATION, DISTRIBUTION, ETC. | |
| Place of publication, distribution, etc. | [S.l.] |
| Name of publisher, distributor, etc. | Lambert Smith Hampton |
| Date of publication, distribution, etc. | 2010 |
| 490 #0 - SERIES STATEMENT | |
| Series statement | Lambert Smith Hampton National Industrial and Distribution Report |
| Volume/sequential designation | 2010 |
| 520 ## - SUMMARY, ETC. | |
| Summary, etc. | Acute shortages in prime industrial stock could drive speculative development in certain areas as early as the end of 2010. Take-up in the occupational market improved in the latter half of 2009 to record a 10% increase on the previous year's level. The UK industrial market availability rate rose as a whole to 8.9% by the end of 2009 from 7.3% at the end of 2008. New space on the market fell below 60m sq ft, a decline of -19% from 2008. Recovery in demand which began in the second half of 2009 is expected to continue and take-up in early 2010 looks strong. |
| 590 ## - LOCAL NOTE (RLIN) | |
| Local note | KA NTK |
| 650 24 - SUBJECT ADDED ENTRY--TOPICAL TERM | |
| Topical term or geographic name entry element | LAMBERT SMITH HAMPTON NATIONAL INDUSTRIAL AND DISTRIBUTION REPORT |
| 651 #4 - SUBJECT ADDED ENTRY--GEOGRAPHIC NAME | |
| Geographic name | United Kingdom |
| Chronological subdivision | |
| 690 ## - LOCAL SUBJECT ADDED ENTRY--TOPICAL TERM (OCLC, RLIN) | |
| Topical term or geographic name as entry element | PROPERTY-COMMERCIAL PROPERTY-COMMERCIAL PROPERTY MARKET |
| 856 40 - ELECTRONIC LOCATION AND ACCESS | |
| Uniform Resource Identifier | <a href="https://www.lsh.co.uk/images/cms/LSH_National_Industrial_and_Distribution_Report_2010%281%29.pdf">https://www.lsh.co.uk/images/cms/LSH_National_Industrial_and_Distribution_Report_2010%281%29.pdf</a> |
| Public note | View the item free of charge at www.lsh.co.uk... |
| 942 ## - ADDED ENTRY ELEMENTS (KOHA) | |
| Suppress in OPAC | 0 |
| Withdrawn status | Lost status | Source of classification or shelving scheme | Damaged status | Not for loan | Home library | Current library | Shelving location | Date acquired | Total Checkouts | Full call number | Barcode | Date last seen | Copy number | Price effective from | Koha item type |
|---|---|---|---|---|---|---|---|---|---|---|---|---|---|---|---|
| Dewey Decimal Classification | Virtual | Virtual | Online | 09/04/2010 | ONLINE PUBLICATION | 149691-2001 | 06/08/2019 | 1 | 06/08/2019 | Book |